[Event "Seefeld-Casino op 19th"]
[Site "Seefeld/Tirol (5.9.-13.9)"]
[Date "2008.09.13"]
[Round "9.21"]
[White "Opitz, Christian"]
[Black "Ranker, Klemens"]
[Result "1-0"]
[WhiteElo "1939"]
[BlackElo "1862"]
[PlyCount "75"]
[EventDate "2008.09.??"]
[EventType "swiss"]
[EventRounds "9"]
[Source "Ganslmayer"]
[SourceDate "2010.03.14"]
[WhiteTeamCountry "AUT"]
[BlackTeamCountry "AUT"]

1. e4 c5 2. Nf3 Nc6 3. d4 cxd4 4. Nxd4 d6 5. c4 g6 6. Be2 Bg7 7. Be3 Nf6 8. Nc3
Bd7 9. O-O O-O 10. f3 Rc8 11. Qd2 a6 12. Rfd1 Nxd4 13. Bxd4 Be6 14. b3 Qc7 15.
Rac1 Qb8 16. Qe3 Rfe8 17. e5 Nd7 18. exd6 exd6 19. Qf2 Ne5 20. h3 Bh6 21. f4
Nc6 22. Bf6 Ne7 23. Ne4 Rc6 24. Bb2 f5 25. Qd4 Rf8 26. Qh8+ Kf7 27. Qxh7+ Ke8
28. Nf6+ Rxf6 29. Bxf6 Ng8 30. Qxg6+ Kd7 31. Bf3 Bxf4 32. Bxc6+ Kxc6 33. Rc2
Qa7+ 34. Bd4 Be3+ 35. Bxe3 Qxe3+ 36. Kh1 f4 37. Rcd2 Ne7 38. Rxd6+ 1-0

[Event "Seefeld-Casino op 19th"]
[Site "Seefeld/Tirol (5.9.-13.9)"]
[Date "2008.09.13"]
[Round "9.22"]
[White "Perkmann, Gottfried"]
[Black "Moroder, Stefan"]
[Result "0-1"]
[WhiteElo "1801"]
[BlackElo "2003"]
[PlyCount "68"]
[EventDate "2008.09.??"]
[EventType "swiss"]
[EventRounds "9"]
[Source "Ganslmayer"]
[SourceDate "2010.03.14"]
[WhiteTeamCountry "AUT"]
[BlackTeamCountry "AUT"]

1. e4 c5 2. Nf3 d6 3. d4 cxd4 4. Nxd4 Nf6 5. Nc3 a6 6. f3 Qb6 7. Nb3 e6 8. Qe2
Be7 9. Be3 Qc7 10. O-O-O b5 11. g4 h6 12. Bg2 Bb7 13. h4 Nbd7 14. a3 Ne5 15. h5
Nc4 16. g5 Nxe3 17. Qxe3 hxg5 18. Qxg5 Nxe4 19. Qe3 Nxc3 20. bxc3 Rc8 21. Kb2
Bf6 22. Nd4 Bd5 23. Rd3 Kf8 24. h6 Rxh6 25. Rxh6 gxh6 26. Qxh6+ Bg7 27. Qe3 Qc4
28. Nb3 a5 29. Bh3 b4 30. Qb6 bxc3+ 31. Kb1 Qc7 32. Qe3 Bxb3 33. cxb3 c2+ 34.
Kc1 Bb2+ 0-1

[Event "Seefeld-Casino op 19th"]
[Site "Seefeld/Tirol (5.9.-13.9)"]
[Date "2008.09.13"]
[Round "9.23"]
[White "Dalnodar, Bernhard"]
[Black "Schmidt, Juergen(52)"]
[Result "1/2-1/2"]
[WhiteElo "1989"]
[BlackElo "1921"]
[PlyCount "27"]
[EventDate "2008.09.??"]
[EventType "swiss"]
[EventRounds "9"]
[Source "Ganslmayer"]
[SourceDate "2010.03.14"]
[WhiteTeamCountry "AUT"]
[BlackTeamCountry "AUT"]

1. d4 d5 2. c4 e6 3. Nf3 Nf6 4. Nc3 Be7 5. e3 O-O 6. Bd3 Nbd7 7. O-O c6 8. e4
dxe4 9. Nxe4 b6 10. b3 Bb7 11. Nxf6+ Bxf6 12. Qc2 g6 13. Bb2 c5 14. Be4 1/2-1/2

[Event "Seefeld-Casino op 19th"]
[Site "Seefeld/Tirol (5.9.-13.9)"]
[Date "2008.09.13"]
[Round "9.24"]
[White "Russ, Colin A.H."]
[Black "Winter, Bernd(41)"]
[Result "1/2-1/2"]
[WhiteElo "1912"]
[BlackElo "1948"]
[PlyCount "121"]
[EventDate "2008.09.??"]
[EventType "swiss"]
[EventRounds "9"]
[Source "Ganslmayer"]
[SourceDate "2010.03.14"]
[WhiteTeamCountry "AUT"]
[BlackTeamCountry "AUT"]

1. d4 Nf6 2. Nf3 g6 3. c4 Bg7 4. Nc3 O-O 5. e4 d6 6. h3 e5 7. dxe5 dxe5 8. Qc2
Re8 9. Bg5 c6 10. Rd1 Qc7 11. Be2 Na6 12. O-O Nc5 13. Ne1 Ne6 14. Be3 Nd4 15.
Qb1 Be6 16. Bd3 Nh5 17. Ne2 c5 18. g4 Nf4 19. Bxf4 exf4 20. f3 g5 21. Nc2 Nxe2+
22. Bxe2 Qb6 23. b3 Bc8 24. Rd5 Qh6 25. Kg2 b6 26. Qd1 Be6 27. Rd3 Be5 28. Qd2
Qf8 29. Rd1 Kg7 30. Qe1 Qe7 31. a4 h5 32. Qf2 Rh8 33. Rh1 hxg4 34. hxg4 Rxh1
35. Kxh1 Rh8+ 36. Kg1 Rh3 37. Kg2 Rg3+ 38. Kf1 Qf6 39. Qh2 Bxg4 40. fxg4 f3 41.
Bd1 Rxg4 42. Qf2 Bg3 43. Qe3 Rh4 44. Bxf3 g4 45. Rd5 Bf4 46. Qg1 Kh7 47. Rf5
Qb2 48. Bxg4 f6 49. Bd1 Be5 50. Rh5+ Rxh5 51. Bxh5 Qb1+ 52. Ne1 Qxe4 53. Bf3
Qf4 54. Qh1+ Kg7 55. Nd3 Qf5 56. Nxe5 Qb1+ 57. Kg2 Qb2+ 58. Kf1 Qxe5 59. Qg2+
Kf8 60. Kf2 Qf4 61. Qg6 1/2-1/2

[Event "Seefeld-Casino op 19th"]
[Site "Seefeld/Tirol (5.9.-13.9)"]
[Date "2008.09.13"]
[Round "9.25"]
[White "Lundberg, Roland"]
[Black "Wiesbeck, Florian"]
[Result "1-0"]
[WhiteElo "2045"]
[BlackElo "1887"]
[PlyCount "65"]
[EventDate "2008.09.??"]
[EventType "swiss"]
[EventRounds "9"]
[Source "Ganslmayer"]
[SourceDate "2010.03.14"]
[WhiteTeam "SWE (Schweden)"]
[BlackTeam "AUT/Moosburg SV"]
[WhiteTeamCountry "SWE"]
[BlackTeamCountry "AUT"]

1. c4 c5 2. Nf3 Nf6 3. Nc3 e6 4. e4 d6 5. d4 cxd4 6. Nxd4 a6 7. Be2 Be7 8. O-O
O-O 9. Be3 Nbd7 10. f4 Qc7 11. Kh1 b6 12. Bf3 Bb7 13. Qe2 Rfe8 14. Rac1 Rac8
15. b3 Qb8 16. e5 dxe5 17. fxe5 Bxf3 18. Nxf3 Ng4 19. Bf4 Bf8 20. h3 Nh6 21.
Bxh6 gxh6 22. Ne4 Be7 23. Qd2 Nxe5 24. Qxh6 Nxf3 25. Rxf3 Qe5 26. Rxf7 Kxf7 27.
Qxh7+ Kf8 28. Rf1+ Qf5 29. Rxf5+ exf5 30. Qxf5+ Kg7 31. Ng3 Rc5 32. Qe6 Rg5 33.
Nf5+ 1-0

[Event "Seefeld-Casino op 19th"]
[Site "Seefeld/Tirol (5.9.-13.9)"]
[Date "2008.09.13"]
[Round "9.26"]
[White "Oettinger, Hagen"]
[Black "Vonach, Bernhard Dr"]
[Result "1/2-1/2"]
[WhiteElo "2018"]
[BlackElo "1817"]
[PlyCount "80"]
[EventDate "2008.09.??"]
[EventType "swiss"]
[EventRounds "9"]
[Source "Ganslmayer"]
[SourceDate "2010.03.14"]
[WhiteTeamCountry "SWE"]
[BlackTeamCountry "AUT"]

1. d4 Nf6 2. Nf3 d5 3. g3 e6 4. Bg2 Be7 5. O-O O-O 6. c4 b6 7. Nc3 Bb7 8. Ne5
Nbd7 9. Qa4 Nxe5 10. dxe5 Ne4 11. cxd5 Nxc3 12. bxc3 exd5 13. c4 c6 14. Rd1 Qc7
15. cxd5 cxd5 16. e4 Bc6 17. Qc2 dxe4 18. Bxe4 Bc5 19. Bxh7+ Kh8 20. Qf5 Qc8
21. Qh5 Bf3 22. Qxf3 Kxh7 23. Qh5+ Kg8 24. Bf4 Qe6 25. a4 Rad8 26. Qf3 Rd7 27.
Rxd7 Qxd7 28. a5 Rd8 29. axb6 Bxb6 30. Bg5 Qd5 31. Qxd5 Rxd5 32. Bf4 Bd4 33.
Ra6 Bxe5 34. Bxe5 Rxe5 35. Rxa7 Re1+ 36. Kg2 g6 37. g4 Kg7 38. h4 Re4 39. f3
Rb4 40. Kg3 Rb1 1/2-1/2

[Event "Seefeld-Casino op 19th"]
[Site "Seefeld/Tirol (5.9.-13.9)"]
[Date "2008.09.13"]
[Round "9.27"]
[White "Neubauer, Kai(65)"]
[Black "Handl, Hans"]
[Result "1-0"]
[WhiteElo "1981"]
[BlackElo "1759"]
[PlyCount "59"]
[EventDate "2008.09.??"]
[EventType "swiss"]
[EventRounds "9"]
[Source "Ganslmayer"]
[SourceDate "2010.03.14"]
[WhiteTeamCountry "SWE"]
[BlackTeamCountry "AUT"]

1. d4 Nf6 2. c4 g6 3. Nc3 Bg7 4. e4 d6 5. Nf3 Nbd7 6. e5 dxe5 7. dxe5 Ng4 8. e6
fxe6 9. Ng5 Ndf6 10. Qxd8+ Kxd8 11. Nf7+ Ke8 12. Nxh8 Bxh8 13. Nb5 Kd8 14. h3
Ne5 15. Bf4 Nh5 16. O-O-O+ Bd7 17. Be3 a6 18. Nd4 c6 19. Nxe6+ Kc8 20. Bb6 Nf6
21. Nc5 Nf7 22. Be2 Bf5 23. g4 Bd7 24. g5 Nxg5 25. Nxd7 Nxd7 26. Be3 Ne4 27.
Bg4 Nef6 28. Rxd7 Nxg4 29. Rxe7 Nf6 30. Bb6 1-0

[Event "Seefeld-Casino op 19th"]
[Site "Seefeld/Tirol (5.9.-13.9)"]
[Date "2008.09.13"]
[Round "9.28"]
[White "Stock, Juergen(56)"]
[Black "Lang, Ferdinand(49)"]
[Result "0-1"]
[WhiteElo "1886"]
[BlackElo "1968"]
[PlyCount "100"]
[EventDate "2008.09.??"]
[EventType "swiss"]
[EventRounds "9"]
[Source "Ganslmayer"]
[SourceDate "2010.03.14"]
[WhiteTeamCountry "SWE"]
[BlackTeamCountry "AUT"]

1. d4 Nf6 2. c3 d5 3. Bg5 Nbd7 4. f4 e6 5. e3 Be7 6. Bxf6 Nxf6 7. Bd3 Bd7 8.
Nd2 b6 9. Ngf3 O-O 10. O-O c5 11. Ne5 Ne8 12. g4 f6 13. Nef3 e5 14. dxe5 Bxg4
15. Qc2 f5 16. Rad1 Qc7 17. c4 dxc4 18. Bxc4+ Kh8 19. e4 Qc6 20. Bd5 Qg6 21.
Kh1 Rd8 22. Rde1 Qh5 23. Qc3 Nc7 24. Bc6 Ne6 25. Qe3 fxe4 26. Nxe4 Nxf4 27. Ng3
Qh6 28. e6 Rd6 29. Bd7 Qh3 30. Nh4 Rd3 31. Rxf4 Rxe3 32. Rxf8+ Bxf8 33. Rxe3
Qxh4 34. e7 Bxe7 35. Bxg4 Qxg4 36. Rxe7 Qd1+ 37. Kg2 Kg8 38. Rxa7 Qc2+ 39. Kh3
Qxb2 40. Ra8+ Kf7 41. Ra7+ Kg6 42. Ra6 c4 43. a4 c3 44. a5 c2 45. Ne2 c1=Q 46.
Nxc1 Qxc1 47. Rxb6+ Kh5 48. Rb3 Qf1+ 49. Kg3 Qg1+ 50. Kh3 Qg4# 0-1

[Event "Seefeld-Casino op 19th"]
[Site "Seefeld/Tirol (5.9.-13.9)"]
[Date "2008.09.13"]
[Round "9.29"]
[White "Senn, Othmar"]
[Black "Strasser, Josef(64)"]
[Result "0-1"]
[WhiteElo "1653"]
[BlackElo "1936"]
[PlyCount "114"]
[EventDate "2008.09.??"]
[EventType "swiss"]
[EventRounds "9"]
[Source "Ganslmayer"]
[SourceDate "2010.03.14"]
[WhiteTeamCountry "SWE"]
[BlackTeamCountry "AUT"]

1. d4 d5 2. c4 c6 3. e3 Nf6 4. Nc3 Bf5 5. Bd3 Bxd3 6. Qxd3 e6 7. cxd5 exd5 8.
Nf3 Bd6 9. O-O O-O 10. Re1 Re8 11. Re2 Nbd7 12. Qc2 Ne4 13. Nxe4 dxe4 14. Nd2
Nf6 15. Nf1 Re6 16. Ng3 Bxg3 17. fxg3 Nd5 18. Bd2 Qb6 19. Qb3 Qxb3 20. axb3 a6
21. Rf1 Rae8 22. Ref2 Rf6 23. Rxf6 Nxf6 24. h3 Nd5 25. Kf2 Re6 26. Ke2 Rf6 27.
Rxf6 Nxf6 28. g4 Nd5 29. Be1 Kf8 30. Bd2 Ke7 31. Kf2 Kd6 32. Ke2 Kc7 33. Kd1
Kb6 34. Kc2 Kb5 35. Kb1 Nb4 36. Bc3 a5 37. Kc1 a4 38. Bxb4 Kxb4 39. Kc2 axb3+
40. Kd2 Kc4 41. Ke2 b6 42. Kd2 c5 43. d5 Kxd5 44. Kc3 c4 45. Kb4 b5 46. Kc3 Kc5
47. g3 g5 48. h4 h6 49. Kd2 b4 50. h5 Kb5 51. Kd1 c3 52. Kc1 Kc4 53. Kb1 Kd3
54. Ka1 Kxe3 55. bxc3 bxc3 56. Kb1 Kd2 57. Ka1 e3 0-1

[Event "Seefeld-Casino op 19th"]
[Site "Seefeld/Tirol (5.9.-13.9)"]
[Date "2008.09.13"]
[Round "9.30"]
[White "Willin, Bernhard"]
[Black "Verwer, Renzo"]
[Result "1-0"]
[WhiteElo "1749"]
[BlackElo "1522"]
[PlyCount "81"]
[EventDate "2008.09.??"]
[EventType "swiss"]
[EventRounds "9"]
[Source "Ganslmayer"]
[SourceDate "2010.03.14"]
[WhiteTeamCountry "SWE"]
[BlackTeamCountry "AUT"]

1. d4 Nf6 2. Nf3 g6 3. g3 Bg7 4. Bg2 O-O 5. c4 c5 6. e3 d5 7. cxd5 Nxd5 8. O-O
Bg4 9. Qb3 cxd4 10. Nxd4 e6 11. Qxb7 Nd7 12. h3 N7b6 13. hxg4 Rb8 14. Qa6 Nb4
15. Qe2 e5 16. Nb3 Rc8 17. Nc3 f5 18. gxf5 gxf5 19. a3 Nd3 20. e4 f4 21. Rd1
Nxc1 22. Raxc1 Qg5 23. Rd3 Nc4 24. Rcd1 Bh6 25. Nd5 Kh8 26. Bh3 Rb8 27. Bf5 a5
28. a4 Rb7 29. Rc3 Nd6 30. Bh3 Rfb8 31. Rdd3 Qg6 32. Bg2 Nf7 33. g4 Ng5 34. f3
Ne6 35. Qc2 Qe8 36. Rc6 Bf8 37. Qc4 Rxb3 38. Rxb3 Rxb3 39. Nf6 Rb4 40. Nxe8
Rxc4 41. Rxc4 1-0

[Event "Seefeld-Casino op 19th"]
[Site "Seefeld/Tirol (5.9.-13.9)"]
[Date "2008.09.13"]
[Round "9.31"]
[White "Aab, Manfred"]
[Black "Grosse, Manfred"]
[Result "0-1"]
[WhiteElo "1532"]
[BlackElo "1837"]
[PlyCount "80"]
[EventDate "2008.09.??"]
[EventType "swiss"]
[EventRounds "9"]
[Source "Ganslmayer"]
[SourceDate "2010.03.14"]
[WhiteTeamCountry "SWE"]
[BlackTeamCountry "AUT"]

1. d4 b5 2. e3 Bb7 3. Nf3 b4 4. Bd2 e6 5. c3 a5 6. Be2 Nf6 7. O-O Be7 8. a3 Ne4
9. axb4 Nxd2 10. Nbxd2 axb4 11. Rxa8 Bxa8 12. cxb4 Bxb4 13. Qa4 Nc6 14. Ra1 O-O
15. Nb3 Be7 16. e4 Nb4 17. Nfd2 Bc6 18. Qa5 Nc2 19. Rc1 Bb4 20. Qa7 Bxd2 21.
Nxd2 Nb4 22. Qa5 Qb8 23. Rc4 Na6 24. Rc3 Qxb2 25. Rb3 Qc1+ 26. Bf1 Nb8 27. Qxc7
Qxd2 28. Rxb8 g6 29. Rxf8+ Kxf8 30. Qd8+ Kg7 31. e5 Qf4 32. Qe7 h6 33. h3 d5
34. Qd8 Ba4 35. Qb6 Qc1 36. Qd8 Bb5 37. Qf6+ Kg8 38. Qd8+ Kh7 39. Qf6 Qxf1+ 40.
Kh2 Be8 0-1

[Event "Seefeld-Casino op 19th"]
[Site "Seefeld/Tirol (5.9.-13.9)"]
[Date "2008.09.13"]
[Round "9.33"]
[White "Kliem, Klaus-Peter"]
[Black "Duric, Rajko"]
[Result "1/2-1/2"]
[WhiteElo "1662"]
[BlackElo "1694"]
[PlyCount "120"]
[EventDate "2008.09.??"]
[EventType "swiss"]
[EventRounds "9"]
[Source "Ganslmayer"]
[SourceDate "2010.03.14"]
[WhiteTeam "Oeffingen Sfr."]
[BlackTeam "Berlin-Kreuzberg SC"]

1. d4 Nf6 2. Nf3 e6 3. c4 b6 4. Bg5 Bb7 5. Nc3 Be7 6. e3 Ne4 7. Bxe7 Qxe7 8.
Bd3 Ng5 9. Be2 Nxf3+ 10. Bxf3 Bxf3 11. Qxf3 c6 12. a3 a5 13. O-O O-O 14. Rac1
Na6 15. d5 cxd5 16. cxd5 Nc5 17. Rfd1 Rac8 18. d6 Qg5 19. Ne4 Nxe4 20. Qxe4 Qb5
21. a4 Rxc1 22. Rxc1 Qxb2 23. Rb1 Qa3 24. Qb7 Qxd6 25. Qxb6 Qd5 26. h3 h6 27.
Rb5 Qd1+ 28. Kh2 Qxa4 29. Rxa5 Qc6 30. Qxc6 dxc6 31. Rc5 Rc8 32. Kg3 Kf8 33. e4
f6 34. f4 Ke7 35. e5 fxe5 36. fxe5 Kf7 37. Kg4 Kg6 38. h4 h5+ 39. Kf4 Kh6 40.
Ke4 g5 41. g3 Kg6 42. Rc1 gxh4 43. gxh4 Rc7 44. Rf1 Kg7 45. Rf6 c5 46. Kd3 c4+
47. Kc3 Rc6 48. Rf4 Rc5 49. Rxc4 Rxc4+ 50. Kxc4 Kg6 51. Kc5 Kf5 52. Kd6 Kg4 53.
Kxe6 Kxh4 54. Kf6 Kg3 55. e6 h4 56. e7 h3 57. e8=Q h2 58. Qe3+ Kg2 59. Qe2+ Kg1
60. Qg4+ Kf2 1/2-1/2

[Event "Seefeld-Casino op 19th"]
[Site "Seefeld/Tirol (5.9.-13.9)"]
[Date "2008.09.13"]
[Round "9.34"]
[White "Bretscher, Robert"]
[Black "Ganslmayer, Herbert"]
[Result "1/2-1/2"]
[WhiteElo "1546"]
[BlackElo "1724"]
[PlyCount "52"]
[EventDate "2008.09.??"]
[EventType "swiss"]
[EventRounds "9"]
[Source "Ganslmayer"]
[SourceDate "2010.03.14"]

1. e4 g6 2. Nf3 c6 3. Bc4 Bg7 4. O-O d5 5. exd5 cxd5 6. Bb3 Nf6 7. d4 O-O 8.
Nc3 Bg4 9. h3 Bxf3 10. Qxf3 e6 11. Ne2 Qb6 12. c3 a5 13. Bc2 Nbd7 14. Nf4 a4
15. a3 Rfc8 16. Nd3 Ne4 17. Nb4 Nd6 18. Re1 Qd8 19. Bf4 Nc4 20. Rab1 Qf6 21.
Qg3 Qd8 22. h4 Nf6 23. Bg5 Qf8 24. Qf4 Nh5 25. Qg4 Nf6 26. Qf4 Nh5 1/2-1/2

[Event "Seefeld-Casino op 19th"]
[Site "Seefeld/Tirol (5.9.-13.9)"]
[Date "2008.09.13"]
[Round "9.35"]
[White "Werner, Bernd(56)"]
[Black "Rudolph, Joachim"]
[Result "1-0"]
[WhiteElo "1721"]
[BlackElo "1578"]
[PlyCount "139"]
[EventDate "2008.09.??"]
[EventType "swiss"]
[EventRounds "9"]
[Source "Ganslmayer"]
[SourceDate "2010.03.14"]
[WhiteTeam "Eppingen SC"]
[BlackTeam "Delitzsch ESV"]

1. e4 e6 2. d4 d5 3. e5 c5 4. c3 Nc6 5. Nf3 Qb6 6. Bd3 Bd7 7. O-O cxd4 8. cxd4
Nxd4 9. Nxd4 Qxd4 10. Nc3 Qxe5 11. Re1 Qb8 12. Nxd5 Bd6 13. g3 Ne7 14. Nxe7
Kxe7 15. Be4 Qc7 16. Be3 Bc6 17. Rc1 Rhd8 18. Qg4 g6 19. Bxc6 bxc6 20. Bg5+ Kf8
21. Bxd8 Rxd8 22. Qf3 Rc8 23. Rxe6 Qd7 24. Re3 Be7 25. Qe2 c5 26. Re1 Bf6 27.
b3 Bg5 28. Rd3 Qc6 29. Qe5 Bf6 30. Qd6+ Qxd6 31. Rxd6 Bc3 32. Re2 Rc7 33. Kg2
Rb7 34. Rc2 Bd4 35. h4 h5 36. Re2 Bc3 37. f3 Bd4 38. g4 hxg4 39. fxg4 a5 40.
Ra6 Bc3 41. Re3 Bb4 42. Ra8+ Kg7 43. Kf3 Rc7 44. Rae8 c4 45. bxc4 Rxc4 46. R8e4
Rc1 47. Rb3 Rc3+ 48. Rxc3 Bxc3 49. a4 Bd2 50. Re5 Bc3 51. Rd5 Be1 52. h5 gxh5
53. Rxh5 Kg6 54. Ke4 Bd2 55. Rf5 f6 56. Kd3 Be1 57. Kc4 Bd2 58. Kb5 Bc3 59. Kb6
Bd2 60. Rxa5 Bxa5+ 61. Kxa5 Kg5 62. Kb4 Kxg4 63. a5 f5 64. a6 f4 65. a7 f3 66.
a8=Q Kg3 67. Qg8+ Kf2 68. Kc3 Kf1 69. Kd3 f2 70. Qg4 1-0

[Event "Seefeld-Casino op 19th"]
[Site "Seefeld/Tirol (5.9.-13.9)"]
[Date "2008.09.13"]
[Round "9.36"]
[White "Dallmeier, Gerhard"]
[Black "Lettenbichler, Marco"]
[Result "1-0"]
[WhiteElo "1693"]
[BlackElo "1508"]
[PlyCount "31"]
[EventDate "2008.09.??"]
[EventType "swiss"]
[EventRounds "9"]
[Source "Ganslmayer"]
[SourceDate "2010.03.14"]

1. e4 e5 2. Nf3 Nc6 3. Bb5 Bc5 4. O-O Nge7 5. c3 O-O 6. d3 h6 7. Nxe5 Nxe5 8.
d4 a6 9. Ba4 b5 10. Bb3 Bd6 11. dxe5 Bxe5 12. f4 Bd6 13. Be3 c6 14. Qxd6 Re8
15. Rf3 Ng6 16. Qxg6 1-0

[Event "Seefeld-Casino op 19th"]
[Site "Seefeld/Tirol (5.9.-13.9)"]
[Date "2008.09.13"]
[Round "9.37"]
[White "Bangert, Ruediger"]
[Black "Michel, Jan"]
[Result "1-0"]
[WhiteElo "1461"]
[BlackElo "1481"]
[PlyCount "67"]
[EventDate "2008.09.??"]
[EventType "swiss"]
[EventRounds "9"]
[Source "Ganslmayer"]
[SourceDate "2010.03.14"]
[WhiteTeam "Erlangen-Siemens SG"]
[BlackTeam "NED/Zaandam"]
[BlackTeamCountry "NED"]

1. c4 c5 2. Nf3 Nc6 3. Nc3 e5 4. d3 Be7 5. e4 d6 6. Be2 Nf6 7. a3 O-O 8. Bg5 h6
9. Bxf6 Bxf6 10. Nd5 Bg4 11. Rb1 Bxf3 12. Bxf3 Rb8 13. O-O Bg5 14. Bg4 Ne7 15.
Ne3 Nc6 16. Nd5 Nd4 17. Kh1 g6 18. g3 b5 19. f4 exf4 20. gxf4 Be7 21. Rg1 Kh8
22. Rg3 f5 23. Bf3 Bh4 24. Rg2 Ne6 25. exf5 gxf5 26. b4 Rg8 27. Rbb2 Bf6 28.
Rxg8+ Kxg8 29. Rg2+ Bg7 30. Qe1 Kf7 31. Bh5+ Kf8 32. Qxe6 Rb7 33. Qxf5+ Kg8 34.
Nf6+ 1-0

[Event "Seefeld-Casino op 19th"]
[Site "Seefeld/Tirol (5.9.-13.9)"]
[Date "2008.09.13"]
[Round "9.38"]
[White "Breedveld-Schut, Carmen"]
[Black "Loew, Bernd"]
[Result "0-1"]
[WhiteElo "1204"]
[BlackElo "1498"]
[PlyCount "80"]
[EventDate "2008.09.??"]
[EventType "swiss"]
[EventRounds "9"]
[Source "Ganslmayer"]
[SourceDate "2010.03.14"]
[BlackTeamCountry "NED"]

1. d4 b6 2. Bf4 Nf6 3. Nf3 Bb7 4. e3 e6 5. Be2 a6 6. O-O Be7 7. c4 O-O 8. Nbd2
d6 9. Rc1 Nbd7 10. Qc2 Rc8 11. h3 c5 12. Ng5 h6 13. Ngf3 cxd4 14. exd4 Qc7 15.
g4 e5 16. Be3 e4 17. g5 exf3 18. gxf6 fxe2 19. Rfe1 Nxf6 20. d5 Nxd5 21. Rxe2
Nxe3 22. Rxe3 Bg5 23. Rg3 Qc6 24. f3 Bf4 25. Rg4 Bxd2 26. Qxd2 d5 27. Qd4 Qc5
28. Rxg7+ Kh8 29. Rg4+ Qxd4+ 30. Rxd4 Rxc4 31. Rdxc4 dxc4 32. Kf2 Bd5 33. f4
Rg8 34. Ke3 f6 35. Kd4 Rd8 36. b3 cxb3 37. axb3 Bxb3+ 38. Ke4 Be6 39. h4 a5 40.
Rc6 Bd5+ 0-1